[Event "Mittelfranken Mitte-ch"]
[Site "Nuremberg"]
[Date "2017.01.05"]
[Round "1"]
[White "Leuschner, Guenter"]
[Black "Huber, Dominik"]
[Result "1-0"]
[WhiteElo "1923"]
[BlackElo "1156"]
[PlyCount "83"]
[EventDate "2017.01.05"]
[EventType "swiss"]
[EventRounds "7"]
[EventCountry "GER"]
[SourceTitle "EXT 2018"]
[Source "ChessBase"]
[SourceDate "2017.10.13"]
[SourceVersion "1"]
[SourceVersionDate "2017.10.13"]
[SourceQuality "1"]

1. e4 c6 2. Nf3 d5 3. e5 Bf5 4. d4 e6 5. c3 h6 6. Be2 Ne7 7. Be3 Nd7 8. 0-0 Bh7 9. b4 a5 10. Nbd2 axb4 11. cxb4 Nf5 12. a3 Be7 13. Bf4 0-0 14. Nb3 f6 15. Qd2 fxe5 16. Nxe5 Nxe5 17. Bxe5 Bf6 18. Nc5 Bxe5 19. dxe5 Qe7 20. Rfc1 b6 21. Nb3 Qc7 22. Qc3 Rfc8 23. Bb5 Ne7 24. f4 Ra7 25. Qe3 Bg6 26. Nd4 Qd7 27. Be2 Nf5 28. Nxf5 Bxf5 29. Qxb6 d4 30. Bf3 Rb7 31. Bxc6 Rxc6 32. Qxc6 d3 33. Qxd7 Rxd7 34. Rc6 Kf7 35. Rd1 Rd4 36. g3 Be4 37. Rd6 Bd5 38. Kf2 Ke7 39. Ke3 Re4+ 40. Kxd3 g5 41. Rf1 Bc4+ 42. Kxe4 1-0

[Event "Landesliga U20 Sued 1516"]
[Site "Bayern"]
[Date "2016.02.27"]
[Round "6.1"]
[White "Boneberger, Tobias"]
[Black "Huber, Dominik"]
[Result "1/2-1/2"]
[WhiteElo "1677"]
[BlackElo "1569"]
[PlyCount "37"]
[EventDate "2015.11.21"]
[EventType "team-tourn"]
[EventRounds "7"]
[EventCountry "GER"]
[SourceTitle "EXT 2022"]
[Source "ChessBase"]
[SourceDate "2021.10.06"]
[SourceVersion "1"]
[SourceVersionDate "2021.10.06"]
[SourceQuality "1"]
[WhiteTeam "Fuerstenfeldbruck TuS U20"]
[BlackTeam "Ebersberg Grafing U20"]
[WhiteTeamCountry "GER"]
[BlackTeamCountry "GER"]

1. e4 d6 2. f4 Nf6 3. Nc3 e5 4. Nf3 Nc6 5. Bc4 Qe7 6. f5 Nd4 7. Ng5 d5 8. exd5 Nxf5 9. d3 Nd6 10. Bb3 Bd7 11. Be3 Nf5 12. Bf2 h6 13. Nge4 Nd4 14. h3 0-0-0 15. Qd2 Bf5 16. 0-0 Bxh3 17. Bxd4 exd4 18. gxh3 dxc3 19. Nxc3 1/2-1/2

[Event "Seebach op 23rd"]
[Site "Grossenseebach"]
[Date "2012.06.07"]
[Round "2"]
[White "Bashouti, Muhammed"]
[Black "Huber, Dominik"]
[Result "0-1"]
[WhiteElo "1226"]
[BlackElo "1193"]
[PlyCount "67"]
[EventDate "2012.06.07"]
[EventType "swiss"]
[EventRounds "7"]
[EventCountry "GER"]
[SourceTitle "EXT 2013"]
[Source "ChessBase"]
[SourceDate "2012.11.22"]
[SourceVersion "1"]
[SourceVersionDate "2012.11.22"]
[SourceQuality "1"]

1. e4 e5 2. Nf3 Nc6 3. Bc4 Bc5 4. 0-0 Nf6 5. d3 d6 6. h3 Nd4 7. Nbd2 0-0 8. c3 Nc6 9. b4 Bb6 10. a4 a6 11. Qb3 Qd7 12. Ng5 Nd8 13. h4 h6 14. Nh3 Ng4 15. Nf3 Qc6 16. a5 Ba7 17. Bd5 Qb5 18. c4 Qe8 19. b5 axb5 20. cxb5 c6 21. bxc6 bxc6 22. Bc4 Be6 23. Ba3 c5 24. Nh2 Nxh2 25. Kxh2 Nc6 26. Bb2 Nd4 27. Bxd4 exd4 28. f4 Bb8 29. Bd5 Bxd5 30. Qxd5 Bc7 31. f5 g6 32. fxg6 Kg7 33. Rxf7+ Rxf7 34. Qe5+ 0-1

[Event "Seebach op 23rd"]
[Site "Grossenseebach"]
[Date "2012.06.07"]
[Round "1"]
[White "Huber, Dominik"]
[Black "Daumin, Jan"]
[Result "0-1"]
[WhiteElo "1193"]
[BlackElo "1561"]
[PlyCount "36"]
[EventDate "2012.06.07"]
[EventType "swiss"]
[EventRounds "7"]
[EventCountry "GER"]
[SourceTitle "EXT 2013"]
[Source "ChessBase"]
[SourceDate "2012.11.22"]
[SourceVersion "1"]
[SourceVersionDate "2012.11.22"]
[SourceQuality "1"]

1. e4 e5 2. Nf3 Nc6 3. Bc4 Bc5 4. d3 Nf6 5. Nc3 0-0 6. Bg5 Be7 7. 0-0 d6 8. Nd5 Nxd5 9. Bxd5 Bxg5 10. Nxg5 Qxg5 11. h3 Bxh3 12. Qf3 Bg4 13. Qg3 Nd4 14. Qe3 Ne2+ 15. Qxe2 Bxe2 16. g3 Bf3 17. g4 Qxg4+ 18. Kh2 Qg2# 0-1

[Event "Landesliga U20 Sued 1112"]
[Site "Bayern"]
[Date "2012.03.10"]
[Round "7.4"]
[White "D'Addona, Patrick"]
[Black "Huber, Dominik"]
[Result "0-1"]
[WhiteElo "1387"]
[BlackElo "1182"]
[PlyCount "96"]
[EventDate "2011.11.12"]
[EventType "team-tourn"]
[EventRounds "7"]
[EventCountry "GER"]
[SourceTitle "EXT 2022"]
[Source "ChessBase"]
[SourceDate "2021.10.06"]
[SourceVersion "1"]
[SourceVersionDate "2021.10.06"]
[SourceQuality "1"]
[WhiteTeam "Koetz/Ichenhausen U20"]
[BlackTeam "Ebersberg Grafing U20"]
[WhiteTeamCountry "GER"]
[BlackTeamCountry "GER"]

1. e4 d6 2. d4 Nf6 3. Nc3 g6 4. Bc4 Bg7 5. Be3 0-0 6. h3 c6 7. Bb3 Nbd7 8. Qd2 Qa5 9. Nge2 b5 10. f3 Ba6 11. Nf4 e5 12. dxe5 dxe5 13. Nd3 Rad8 14. Qf2 Nb6 15. Nxe5 Nxe4 16. fxe4 Bxe5 17. 0-0 Rd7 18. Bc5 b4 19. Bxf8 Bd4 20. Bxf7+ Kxf8 21. Be6+ Ke7 22. Bxd7 Bxf2+ 23. Rxf2 Qc5 24. Bxc6 bxc3 25. Bd5 cxb2 26. Rb1 Nxd5 27. exd5 Qa5 28. c3 Qxc3 29. Rbxb2 Qe1+ 30. Kh2 Qe5+ 31. g3 h5 32. h4 g5 33. hxg5 h4 34. Kh1 Qxd5+ 35. Kh2 Qe5 36. Rg2 hxg3+ 37. Kh3 Bf1 38. Kh4 Qf4+ 39. Kh5 Qf3+ 40. Kh6 Bxg2 41. g6 Qf4+ 42. Kh7 Qh4+ 43. Kg8 Bd5+ 44. Kg7 Qf6+ 45. Kh7 Qxb2 46. a4 g2 47. a5 g1R 48. a6 Rh1# 0-1

[Event "Landesliga U20 Sued 1112"]
[Site "Bayern"]
[Date "2011.11.12"]
[Round "1.4"]
[White "Valio Ottowitz, Lucas"]
[Black "Huber, Dominik"]
[Result "1-0"]
[WhiteElo "1458"]
[BlackElo "1182"]
[PlyCount "67"]
[EventDate "2011.11.12"]
[EventType "team-tourn"]
[EventRounds "7"]
[EventCountry "GER"]
[SourceTitle "EXT 2022"]
[Source "ChessBase"]
[SourceDate "2021.10.06"]
[SourceVersion "1"]
[SourceVersionDate "2021.10.06"]
[SourceQuality "1"]
[WhiteTeam "Freising SK U20"]
[BlackTeam "Ebersberg Grafing U20"]
[WhiteTeamCountry "GER"]
[BlackTeamCountry "GER"]

1. d4 d6 2. Nf3 Nf6 3. c4 g6 4. Nc3 Bg7 5. e4 b6 6. Bd3 Nbd7 7. 0-0 0-0 8. Re1 Bb7 9. Rb1 Re8 10. h3 c5 11. d5 e6 12. Bg5 Qc7 13. Bf4 Nh5 14. Nb5 Qd8 15. Bxd6 Bf8 16. Bh2 Re7 17. d6 Re8 18. Nc7 f6 19. Nxe8 Qxe8 20. Bc2 e5 21. Qd2 Ng7 22. Rbd1 Ne6 23. Bg3 Nd4 24. Nxd4 cxd4 25. b4 Bxd6 26. a3 Rc8 27. Bd3 Nb8 28. Qc2 Qc6 29. Qb3 f5 30. c5+ Kf8 31. cxd6 g5 32. Bxe5 Rd8 33. Qe6 Re8 34. Qf6+ 1-0